[Event "Kalamazoo (WMUSO/1/5)"]
[Site "?"]
[Date "1986.??.??"]
[Round "?"]
[White "Koster, Ed"]
[Black "Wykstra, S.."]
[Result "1-0"]
[WhiteElo "2145"]
[BlackElo "1650"]
[PlyCount "57"]
[EventDate "1986.??.??"]

{1/(5)} 1. e4 e6 2. d4 d5 3. Nc3 Bb4 4. e5 c5 5. a3 Bxc3+ 6. bxc3 Qc7 7. Nf3
Ne7 8. a4 b6 9. Bb5+ Bd7 10. Bd3 h6 11. O-O Nbc6 12. Ba3 Na5 13. Nd2 O-O 14.
Qg4 Rfe8 15. Rfe1 cxd4 16. cxd4 Rac8 17. Bb4 Nb7 18. Nf3 Nf5 19. Qh3 Na5 20. g4
Nc6 21. Bc3 Nfe7 22. Bd2 Ng6 23. g5 Nce7 24. gxh6 gxh6 25. Qxh6 Nf5 26. Bxf5
exf5 27. Bg5 f6 28. Qxg6+ Kf8 29. Bh6+ 1-0

[Event "Warren (MCO/2/36)"]
[Site "?"]
[Date "1986.??.??"]
[Round "?"]
[White "Koster, Ed"]
[Black "Wilson, Vester"]
[Result "1-0"]
[WhiteElo "2170"]
[BlackElo "1605"]
[PlyCount "75"]
[EventDate "1986.??.??"]

{2/(36)} 1. e4 e5 2. Nf3 Nc6 3. Bb5 a6 4. Ba4 Nf6 5. O-O Be7 6. Re1 b5 7. Bb3
O-O 8. c3 d5 9. exd5 e4 10. dxc6 exf3 11. d4 fxg2 12. Qf3 Re8 13. Bg5 h6 14.
Bh4 Bg4 15. Qxg2 g5 16. Bg3 Bd6 17. Nd2 Bf5 18. a4 b4 19. Nc4 bxc3 20. bxc3 Be4
21. Qh3 h5 22. Ne5 Re7 23. Rxe4 Nxe4 24. Qxh5 Kg7 25. Bxf7 Qh8 26. Qg6+ Kf8 27.
Qxe4 Bxe5 28. Bxe5 Rxe5 29. dxe5 Kxf7 30. Qf3+ Kg8 31. Rd1 Qh6 32. Rd7 Rf8 33.
Qe4 Rf4 34. Qd5+ Kh8 35. e6 Rg4+ 36. Kh1 Qg6 37. Qe5+ Kg8 38. Rd8+ 1-0

[Event "Warren (MCO/6/5)"]
[Site "?"]
[Date "1986.??.??"]
[Round "?"]
[White "Koster, Ed"]
[Black "Thomas, C.."]
[Result "1-0"]
[WhiteElo "2170"]
[BlackElo "2065"]
[PlyCount "57"]
[EventDate "1986.??.??"]

{6/(5)} 1. e4 e6 2. d4 d5 3. Nc3 Bb4 4. e5 c5 5. a3 Bxc3+ 6. bxc3 Qc7 7. Nf3
Ne7 8. a4 b6 9. Bb5+ Bd7 10. Bd3 Nbc6 11. O-O cxd4 12. cxd4 Na5 13. Ng5 h6 14.
Qh5 g6 15. Qh4 Nc4 16. Nxf7 Kxf7 17. Qf6+ Kg8 18. Qxe7 Rh7 19. Qf6 Rf8 20.
Qxg6+ Rg7 21. Qh5 Be8 22. Qxh6 Qf7 23. Bg5 Qh5 24. Qxh5 Bxh5 25. Bh6 Rc8 26.
Bxg7 Kxg7 27. h3 Kh6 28. g4 Be8 29. f4 1-0

[Event "Monroe (MI Op/3/5)"]
[Site "?"]
[Date "1986.??.??"]
[Round "?"]
[White "Koster, Ed"]
[Black "Mason, D.."]
[Result "1-0"]
[WhiteElo "2180"]
[BlackElo "2070"]
[PlyCount "49"]
[EventDate "1986.??.??"]

{3/(5)} 1. e4 c6 2. d4 d5 3. Nc3 dxe4 4. Nxe4 Nd7 5. Nf3 Ngf6 6. Ng3 Qc7 7. Bd3
g6 8. O-O Bg7 9. Re1 Nb6 10. Ne5 O-O 11. Qf3 Be6 12. Bf4 Qd8 13. Rad1 Qxd4 14.
Bxg6 Qxb2 15. Bd3 Bd5 16. Qe3 Ne8 17. Nf5 Qb4 18. Rb1 Qa4 19. Qh3 Nf6 20. Nxe7+
Kh8 21. Bh6 Nc4 22. Qh4 Ne4 23. Bxg7+ Kxg7 24. Bxe4 Rh8 25. Nf5+ 1-0

[Event "Warren (MCO/4/15)"]
[Site "?"]
[Date "1986.??.??"]
[Round "?"]
[White "Koster, Ed"]
[Black "Levadi, David"]
[Result "1-0"]
[WhiteElo "2170"]
[BlackElo "1790"]
[PlyCount "29"]
[EventDate "1986.??.??"]

{4/(15)} 1. e4 e5 2. Nf3 Nf6 3. d4 Nxe4 4. Bd3 d5 5. Nxe5 Nd7 6. Nxd7 Bxd7 7.
O-O Be7 8. c4 Nf6 9. Nc3 dxc4 10. Bxc4 O-O 11. Re1 a6 12. Bg5 Bc6 13. d5 Nxd5
14. Bxe7 Nxc3 15. Qxd8 1-0

[Event "Monroe (MI Op/7/6)"]
[Site "?"]
[Date "1986.??.??"]
[Round "?"]
[White "Koster, Ed"]
[Black "Hankinson, Chris"]
[Result "1/2-1/2"]
[WhiteElo "2180"]
[BlackElo "2025"]
[PlyCount "53"]
[EventDate "1986.??.??"]

{7/(6)} 1. e4 e5 2. Nf3 Nc6 3. Bb5 f5 4. Nc3 fxe4 5. Nxe4 d5 6. Nxe5 dxe4 7.
Nxc6 Qd5 8. c4 Qd6 9. Nxa7+ Bd7 10. Bxd7+ Qxd7 11. Nb5 Nf6 12. O-O Bc5 13. d4
exd3 14. Re1+ Kf7 15. Be3 Bxe3 16. Rxe3 Rad8 17. Qf3 Rhe8 18. h3 Rxe3 19. fxe3
d2 20. Rd1 Qe7 21. a3 Qe4 22. Qxe4 Nxe4 23. Nxc7 Rc8 24. Nb5 Rxc4 25. Nc3 Nxc3
26. bxc3 Rxc3 27. Rxd2 1/2-1/2

[Event "Dearborn (MEX/1)"]
[Site "?"]
[Date "1986.??.??"]
[Round "?"]
[White "Koster, Ed"]
[Black "Groisser, D.."]
[Result "1-0"]
[WhiteElo "2145"]
[BlackElo "2015"]
[PlyCount "81"]
[EventDate "1986.??.??"]

1. e4 e6 2. d4 d5 3. Nc3 Bb4 4. e5 c5 5. a3 Bxc3+ 6. bxc3 Ne7 7. Nf3 Nbc6 8. a4
Qa5 9. Bd2 O-O 10. Bd3 f6 11. c4 Qc7 12. exf6 Rxf6 13. c3 cxd4 14. cxd5 Ne5 15.
Nxe5 Qxe5+ 16. Qe2 Qxd5 17. Be4 Qd6 18. O-O Rb8 19. cxd4 Nc6 20. Bg5 Rf7 21.
Rfd1 Ne7 22. Bxe7 Qxe7 23. Rac1 b6 24. Qh5 Qf6 25. Qxh7+ Kf8 26. f3 Ke7 27. Qg8
Rf8 28. Qh7 Rf7 29. d5 Bd7 30. dxe6 Qxe6 31. Re1 Kd8 32. Bg6 Qf6 33. Bxf7 Qxf7
34. Qh8+ Be8 35. Qh4+ Qf6 36. Qxf6+ gxf6 37. Re6 Bxa4 38. Rxf6 Ke7 39. Rh6 Kd7
40. Rh7+ Kd6 41. Rxa7 1-0

[Event "Monroe (MI Op/4/3)"]
[Site "?"]
[Date "1986.??.??"]
[Round "?"]
[White "Koster, Ed"]
[Black "Finegold, Mark"]
[Result "1-0"]
[WhiteElo "2180"]
[BlackElo "2110"]
[PlyCount "67"]
[EventDate "1986.??.??"]

{4/(3)} 1. e4 c5 2. Nf3 Nc6 3. d4 cxd4 4. Nxd4 Nf6 5. Nc3 e6 6. Ndb5 d6 7. Bf4
e5 8. Bg5 a6 9. Na3 Be6 10. Nc4 Rc8 11. Bxf6 gxf6 12. Bd3 Bg7 13. O-O O-O 14.
Ne3 Ne7 15. Qh5 Ng6 16. Ncd5 Kh8 17. Kh1 Rg8 18. Rad1 Ne7 19. f4 f5 20. Nxe7
Qxe7 21. exf5 e4 22. Bxe4 Bc4 23. Nxc4 Rxc4 24. Bd3 Rc5 25. b4 Rd5 26. c4 Rxd3
27. Rxd3 Rc8 28. f6 Bxf6 29. Qd5 Rc6 30. a4 Qe2 31. Rfd1 Qc2 32. Qxf7 Bg7 33.
Qe8+ Bf8 34. Qxf8# 1-0

[Event "Dearborn (MEX/3)"]
[Site "?"]
[Date "1986.??.??"]
[Round "?"]
[White "Koster, Ed"]
[Black "Fairclough, N.."]
[Result "1-0"]
[WhiteElo "2145"]
[BlackElo "2135"]
[PlyCount "37"]
[EventDate "1986.??.??"]

1. e4 c6 2. d4 d5 3. exd5 cxd5 4. c4 Nf6 5. Nc3 Nc6 6. Bg5 Be6 7. Bxf6 gxf6 8.
Nf3 Qa5 9. c5 O-O-O 10. a3 Bg4 11. Be2 Rg8 12. b4 Qc7 13. Qd2 e5 14. dxe5 Bxf3
15. Bxf3 Nxe5 16. Bxd5 Rxg2 17. O-O-O Rg8 18. Kb1 a6 19. Bxb7+ 1-0

[Event "Kalamazoo (WMUSO/4/3)"]
[Site "?"]
[Date "1986.??.??"]
[Round "?"]
[White "Koster, Ed"]
[Black "Everett, Morgan"]
[Result "1-0"]
[WhiteElo "2145"]
[BlackElo "2040"]
[PlyCount "75"]
[EventDate "1986.??.??"]

{4/(3)} 1. e4 c6 2. d4 d5 3. exd5 cxd5 4. c4 Nf6 5. Nc3 g6 6. Qb3 Bg7 7. cxd5
O-O 8. g3 Nbd7 9. Bg2 Nb6 10. Nge2 e6 11. dxe6 Bxe6 12. Qd1 Qd7 13. O-O Nbd5
14. Nxd5 Bxd5 15. Nc3 Bxg2 16. Kxg2 Nh5 17. Be3 f5 18. f3 f4 19. Bg1 fxg3 20.
hxg3 Rae8 21. Qb3+ Kh8 22. Rad1 Qd6 23. Ne4 Qd7 24. d5 Be5 25. Bd4 Qg7 26. Bxe5
Qxe5 27. d6 Nf6 28. Nxf6 Qxf6 29. d7 Rd8 30. Rfe1 Kg7 31. Re6 Qf7 32. Qe3 Kg8
33. Re7 Qf6 34. Qb3+ Kh8 35. Rde1 b6 36. R1e2 Qd4 37. Qe6 Qd3 38. Qe5+ 1-0

[Event "Monroe (MI Op/1b/2)"]
[Site "?"]
[Date "1986.??.??"]
[Round "?"]
[White "Koster, Ed"]
[Black "Armstead, Curt"]
[Result "1/2-1/2"]
[WhiteElo "2180"]
[BlackElo "1975"]
[PlyCount "73"]
[EventDate "1986.??.??"]

1. e4 e6 2. d4 d5 3. Nc3 Bb4 4. e5 c5 5. a3 Bxc3+ 6. bxc3 Ne7 7. Nf3 Nbc6 8.
Be2 Qa5 9. O-O Bd7 10. a4 O-O-O 11. Ba3 c4 12. Qd2 f6 13. Bb4 Nxb4 14. cxb4 Qc7
15. b5 Ng6 16. Rfb1 Qb8 17. Qe3 Rdf8 18. a5 fxe5 19. dxe5 Rf5 20. Qc5+ Kd8 21.
Nd4 Rxe5 22. Nc6+ bxc6 23. bxc6 Qc7 24. Rb7 Qxc6 25. Rb8+ Kc7 26. Qxa7+ Kd6 27.
Rb6 Rxe2 28. Rxc6+ Bxc6 29. Qxg7 Rxc2 30. h4 Rf8 31. f3 Rf5 32. Rf1 Nf4 33. Rf2
Rc1+ 34. Rf1 Rc2 35. Rf2 Rc1+ 36. Rf1 Rc2 37. Rf2 1/2-1/2

[Event "Warren (MCO/3/41)"]
[Site "?"]
[Date "1986.??.??"]
[Round "?"]
[White "Koscierzynski, J.."]
[Black "Morris, Jewell"]
[Result "0-1"]
[WhiteElo "1605"]
[BlackElo "1675"]
[PlyCount "60"]
[EventDate "1986.??.??"]

{3/(41)} 1. d4 Nf6 2. e3 d5 3. Be2 c5 4. dxc5 e5 5. b4 Nc6 6. a3 d4 7. exd4
Qxd4 8. c3 Qxd1+ 9. Bxd1 Be6 10. Be2 O-O-O 11. Be3 Nd5 12. b5 Nxe3 13. fxe3 Na5
14. c6 bxc6 15. Nd2 Rxd2 16. Nf3 Rc2 17. bxc6 f6 18. Ba6+ Kc7 19. O-O Bc4 20.
Bxc4 Nxc4 21. Ne1 Rxc3 22. Ra2 Nxa3 23. Nf3 Bc5 24. Rd1 Rxe3 25. Kh1 Rd8 26.
Rc1 Bb6 27. Nd2 Red3 28. Rxa3 Rxa3 29. Nb1 Rad3 30. Nc3 Rxc3 0-1

[Event "Warren (MCO/1/46)"]
[Site "?"]
[Date "1986.??.??"]
[Round "?"]
[White "Koscierzynski, J.."]
[Black "Lynch, W.."]
[Result "0-1"]
[WhiteElo "1605"]
[BlackElo "1785"]
[PlyCount "115"]
[EventDate "1986.??.??"]

{1/(46)} 1. d4 Nf6 2. e3 d5 3. Bd2 Bf5 4. Nc3 e6 5. h3 Nbd7 6. Nf3 c5 7. g4 Bg6
8. Na4 cxd4 9. exd4 Rc8 10. Bd3 Bxd3 11. cxd3 Bd6 12. Qe2 O-O 13. Ne5 Qc7 14.
Rc1 Qxc1+ 15. Bxc1 Rxc1+ 16. Kd2 Rxh1 17. g5 Bb4+ 18. Nc3 Nxe5 19. gxf6 Ng6 20.
Qf3 Rb8 21. Kc2 Rg1 22. fxg7 Kxg7 23. Qe3 Bd6 24. Ne2 Rd8 25. Kb3 Re1 26. Qd2
Rh1 27. Qe3 a5 28. a3 b5 29. Ka2 b4 30. Qf3 Re1 31. Ng3 bxa3 32. Nh5+ Kh6 33.
h4 axb2 34. Kxb2 Nxh4 35. Qg4 Ng6 36. f4 Be7 37. Ng3 Rb8+ 38. Kc2 Ra8 39. Kb2
Kg7 40. f5 Rb8+ 41. Kc2 exf5 42. Nxf5+ Kf8 43. Qf3 Nh4 44. Qxd5 Rc8+ 45. Kb3
Nxf5 46. Qxf5 Rb8+ 47. Ka2 Reb1 48. Qf2 R8b2+ 49. Qxb2 Rxb2+ 50. Kxb2 Bb4 51.
d5 Ke7 52. Kb3 h5 53. Kc4 Kd6 54. d4 h4 55. Kb5 h3 56. Kb6 h2 57. Ka7 h1=Q 58.
Ka8 0-1

[Event "Warren (MCO/5/34)"]
[Site "?"]
[Date "1986.??.??"]
[Round "?"]
[White "Koscierzynski, J.."]
[Black "Jonik, Henry"]
[Result "1-0"]
[WhiteElo "1605"]
[BlackElo "1725"]
[PlyCount "123"]
[EventDate "1986.??.??"]

{5/(34)} 1. d4 g6 2. Nf3 Bg7 3. e3 e6 4. Na3 Ne7 5. g4 b6 6. Bd3 Bb7 7. e4 d6
8. h4 Nd7 9. Nc4 Nf6 10. Nfd2 d5 11. exd5 Qxd5 12. Rg1 Qxd4 13. Nb3 Qd7 14. Be3
Nfd5 15. Qd2 Bxb2 16. Nxb2 O-O-O 17. Nc4 f6 18. g5 Nc6 19. gxf6 Ndb4 20. O-O-O
Nxa2+ 21. Kb2 Nab4 22. Ne5 Nxd3+ 23. Nxd3 Qf7 24. Qc3 Rd5 25. Nb4 Nxb4 26. Qxb4
Rhd8 27. Rxd5 exd5 28. Qc3 c5 29. Qe5 Re8 30. Qd6 Re6 31. Qg3 Qxf6+ 32. c3 Re4
33. Rc1 Qxh4 34. Qf3 Qe7 35. Qh3+ Kc7 36. Re1 Qh4 37. Qf3 Qe7 38. Nd2 g5 39.
Nxe4 d4 40. Qg3+ Kd7 41. Bxg5 dxc3+ 42. Kc1 Qf8 43. Nf6+ Kc6 44. Re6+ Kb5 45.
Qd3+ c4 46. Qf5+ Ka6 47. Qc2 Qa3+ 48. Kd1 Bf3+ 49. Ke1 Qb3 50. Qc1 c2 51. Qa1+
Kb5 52. Bc1 Qb4+ 53. Kf1 Qb1 54. Qa3 Qb3 55. Re5+ Kc6 56. Qxa7 Qd3+ 57. Kg1
Qg6+ 58. Kf1 Qg2+ 59. Ke1 Qg1+ 60. Kd2 Qxf2+ 61. Kc3 Qg3 62. Qd7# 1-0

[Event "Monroe (MI Op/3/26)"]
[Site "?"]
[Date "1986.??.??"]
[Round "?"]
[White "Kitts, Gary"]
[Black "West, J.."]
[Result "1-0"]
[WhiteElo "2145"]
[BlackElo "1660"]
[PlyCount "79"]
[EventDate "1986.??.??"]

{3/(26)} 1. e4 e5 2. Nf3 Nc6 3. d4 exd4 4. c3 dxc3 5. Bc4 cxb2 6. Bxb2 Bb4+ 7.
Nc3 Nf6 8. Qc2 O-O 9. O-O-O d6 10. Nd5 Nxd5 11. exd5 Ne5 12. Nxe5 dxe5 13. Bxe5
Bg4 14. Rd3 Bf5 15. Rg3 Ba3+ 16. Kd2 Bg6 17. Qc3 Bd6 18. Re1 a5 19. a3 Re8 20.
f4 f6 21. Bxd6 Qxd6 22. Rf3 c6 23. Rxe8+ Rxe8 24. Qxa5 Be4 25. Rf2 Bxd5 26.
Bxd5+ Qxd5+ 27. Qxd5+ cxd5 28. Kd3 Ra8 29. Kd4 Rxa3 30. Kxd5 Rb3 31. f5 Kf7 32.
Rc2 g6 33. Rc7+ Kg8 34. fxg6 hxg6 35. Ke4 b5 36. Rb7 Rb2 37. Kf3 b4 38. h4 Rb1
39. g4 b3 40. h5 $138 1-0

[Event "Monroe (MI Op/2/22)"]
[Site "?"]
[Date "1986.??.??"]
[Round "?"]
[White "Kitts, Gary"]
[Black "Selitsky, B.."]
[Result "0-1"]
[WhiteElo "2145"]
[BlackElo "1845"]
[PlyCount "70"]
[EventDate "1986.??.??"]

{2/(22)} 1. e4 c5 2. Nc3 Nc6 3. g3 g6 4. Bg2 Bg7 5. d3 d6 6. Be3 e6 7. Qd2 Qa5
8. Nf3 Nd4 9. O-O Ne7 10. Rac1 O-O 11. Bh6 Rb8 12. Kh1 b5 13. Nd5 Qd8 14. Nxe7+
Qxe7 15. Bxg7 Kxg7 16. Nxd4 cxd4 17. c3 Qf6 18. f4 Bb7 19. Qf2 dxc3 20. Rxc3 a5
21. Qa7 a4 22. d4 Ba8 23. Rc7 Rfc8 24. Rd1 Rf8 25. Rdc1 h5 26. Kg1 h4 27. Rd7
h3 28. Bh1 Rbc8 29. Rcc7 Rxc7 30. Rxc7 Qd8 31. Kf2 e5 32. Rc3 exf4 33. Qc7
fxg3+ 34. Kxg3 Qg5+ 35. Kxh3 Rh8# 0-1

[Event "Monroe (RVO/4/10)"]
[Site "?"]
[Date "1986.??.??"]
[Round "?"]
[White "Kitts, Gary"]
[Black "Murray, David"]
[Result "1-0"]
[WhiteElo "2145"]
[BlackElo "1985"]
[PlyCount "47"]
[EventDate "1986.??.??"]

{4/(10)} 1. e4 c5 2. Nc3 d6 3. f4 a6 4. Bc4 Nc6 5. a4 g6 6. Nf3 Bg7 7. O-O Bg4
8. Bxf7+ Kxf7 9. Ng5+ Kf8 10. Qxg4 Nd4 11. f5 Nf6 12. Qh4 gxf5 13. exf5 Qc8 14.
Qh3 b5 15. Ne6+ Nxe6 16. fxe6 h5 17. d3 Ke8 18. Qf5 Rg8 19. Ne4 Bh8 20. Bg5 Qc6
21. axb5 axb5 22. Rxa8+ Qxa8 23. Bxf6 exf6 24. Qxh5+ 1-0

[Event "Monroe (MI Op/6/9)"]
[Site "?"]
[Date "1986.??.??"]
[Round "?"]
[White "Kitts, Gary"]
[Black "Moody, David"]
[Result "1-0"]
[WhiteElo "2145"]
[BlackElo "2015"]
[PlyCount "51"]
[EventDate "1986.??.??"]

{6/(9)} 1. e4 e5 2. Nf3 Nc6 3. d4 exd4 4. c3 d5 5. exd5 Qxd5 6. cxd4 Nf6 7. Nc3
Bb4 8. Bd2 Bxc3 9. bxc3 O-O 10. Be2 Re8 11. O-O Bg4 12. h3 Bh5 13. Be3 Ne4 14.
c4 Qa5 15. Qc2 Rad8 16. d5 Nb4 17. Qb2 Nc5 18. Nd4 Bxe2 19. Nf5 f6 20. Qxe2 Re4
21. Ng3 Rh4 22. Bd2 Qa4 23. Bxb4 Qxb4 24. Qe7 Rf8 25. Nf5 Rf7 26. Qe8+ 1-0

[Event "Dearborn (MEX/3)"]
[Site "Dearborn"]
[Date "1986.??.??"]
[Round "?"]
[White "Kitts, Gary"]
[Black "Mason, D.."]
[Result "1-0"]
[WhiteElo "2135"]
[BlackElo "2045"]
[PlyCount "115"]
[EventDate "1986.??.??"]

1. e4 c6 2. d4 d5 3. exd5 cxd5 4. c4 Nf6 5. Nc3 e6 6. Nf3 Be7 7. b3 O-O 8. Bd3
Nc6 9. O-O Kh8 10. Bc2 b6 11. Bb2 Ba6 12. Nb5 dxc4 13. bxc4 Bxb5 14. cxb5 Nb4
15. Bb3 a6 16. bxa6 Rxa6 17. Qe2 Qa8 18. Ne5 Qe4 19. Qb5 Qb7 20. f4 Nfd5 21. a3
Ne3 22. Rf3 Nbd5 23. Qe2 Nf5 24. Nxf7+ Rxf7 25. Qxe6 Rf6 26. Qxd5 Qxd5 27. Bxd5
Rd6 28. Bc4 b5 29. Bxb5 Rab6 30. a4 Bf6 31. Kf1 g6 32. Rd3 Bxd4 33. Rxd4 Rxd4
34. Bxd4+ Nxd4 35. Rb1 Kg7 36. Kf2 Kf6 37. Ke3 Nf5+ 38. Kd3 Rd6+ 39. Kc4 Rd4+
40. Kc5 Rxf4 41. a5 Nd4 42. Rf1 Rxf1 43. Bxf1 Nb3+ 44. Kb6 Nxa5 45. Kxa5 Kf5
46. Kb4 Kf4 47. Kc3 Ke3 48. Bb5 g5 49. Bc6 g4 50. Kc4 Kf2 51. Kd4 Kg1 52. Ke3
Kxh2 53. Kf4 h5 54. Kg5 Kg3 55. Kxh5 Kf4 56. Kh4 g3 57. Bf3 Kf5 58. Kxg3 1-0

[Event "Taylor (SEMO/1/6)"]
[Site "?"]
[Date "1986.??.??"]
[Round "?"]
[White "Kitts, Gary"]
[Black "Jackson, J.."]
[Result "1-0"]
[WhiteElo "2130"]
[BlackElo "1900"]
[PlyCount "73"]
[EventDate "1986.??.??"]

{1/(6)} 1. e4 c5 2. Nc3 Nc6 3. g3 d6 4. Bg2 g6 5. d3 Bg7 6. Be3 Nf6 7. f4 Ng4
8. Bd2 Bd4 9. Nh3 h5 10. Qe2 Qb6 11. Nd1 Nb4 12. Bc1 Nc6 13. c3 Bg7 14. Ng5 Bd7
15. h3 Nh6 16. Be3 O-O-O 17. O-O f5 18. Bf2 Rdf8 19. Ne3 e6 20. Qc2 Nf7 21. Nf3
Bf6 22. h4 Qc7 23. Rab1 Be7 24. Rfc1 Kb8 25. b4 Rc8 26. bxc5 dxc5 27. Nc4 Na5
28. Nxa5 Qxa5 29. exf5 Bc6 30. fxe6 Nd8 31. Ne5 Bxg2 32. Kxg2 Rg8 33. Qb3 Rc7
34. Qc4 a6 35. a4 Ka8 36. Qb3 Ka7 37. Nc4 1-0

[Event "Taylor (SEMO/3/4)"]
[Site "?"]
[Date "1986.??.??"]
[Round "?"]
[White "Kitts, Gary"]
[Black "Hendricks, Marcus"]
[Result "1-0"]
[WhiteElo "2130"]
[BlackElo "1975"]
[PlyCount "95"]
[EventDate "1986.??.??"]

{3/(4)} 1. e4 c5 2. Nc3 Nc6 3. g3 g6 4. Bg2 Bg7 5. d3 d6 6. f4 e5 7. Nf3 Bg4 8.
h3 Bxf3 9. Qxf3 Nd4 10. Qf2 Ne7 11. O-O O-O 12. Nd1 Qd7 13. c3 Ndc6 14. f5 f6
15. g4 g5 16. Ne3 b5 17. Bf3 a5 18. h4 h6 19. hxg5 hxg5 20. Qh2 Rf7 21. Kg2 Kf8
22. a4 b4 23. Bd1 bxc3 24. bxc3 Rb8 25. Kg3 d5 26. Ba3 dxe4 27. dxe4 Qd3 28.
Bxc5 Qxc3 29. Qc2 Qxa1 30. Bd6 Qd4 31. Nd5 Rc8 32. Bc5 Qa1 33. Be2 Qd4 34. Nxe7
Nxe7 35. Bxe7+ Kxe7 36. Qxc8 Qd7 37. Qc5+ Qd6 38. Rc1 Qxc5 39. Rxc5 Kd6 40.
Rxa5 Rc7 41. Rd5+ Kc6 42. a5 Kb7 43. a6+ Ka7 44. Rd8 Bh6 45. Kf2 Rf7 46. Rc8
Bf8 47. Bc4 Rd7 48. Rxf8 1-0

[Event "Dearborn (MEX/4)"]
[Site "Dearborn"]
[Date "1986.??.??"]
[Round "?"]
[White "Kitts, Gary"]
[Black "Haluska, James"]
[Result "1-0"]
[WhiteElo "2130"]
[BlackElo "2045"]
[PlyCount "107"]
[EventDate "1986.??.??"]

1. e4 e5 2. Nf3 Nc6 3. d4 exd4 4. c3 dxc3 5. Bc4 Bc5 6. Bxf7+ Kxf7 7. Qd5+ Kf8
8. Qxc5+ Qe7 9. Qxe7+ Ngxe7 10. Nxc3 a6 11. Be3 d6 12. h3 Be6 13. b3 Re8 14.
O-O-O Ng6 15. Ng5 Bg8 16. Nd5 Rc8 17. f4 h6 18. Nf3 Nge7 19. Nc3 Bh7 20. f5 Re8
21. Rhe1 Bg8 22. g4 Bf7 23. Bf4 Rc8 24. Kb2 Rg8 25. h4 Rh8 26. Rh1 Kg8 27. Ne2
Kf8 28. Ng3 Kg8 29. g5 Kf8 30. Bd2 Be8 31. Bc3 Rg8 32. g6 Bd7 33. Rhe1 Re8 34.
Nh5 Bc8 35. Rg1 Rd8 36. Rdf1 Bd7 37. f6 gxf6 38. g7+ Kf7 39. Nxf6 Bh3 40. Rf2
Rxg7 41. Ng5+ Rxg5 42. hxg5 hxg5 43. Nh7+ Ke8 44. Nxg5 Bc8 45. Rh1 Kd7 46. e5
Rg8 47. e6+ Ke8 48. Rh8 Rxh8 49. Bxh8 Nd8 50. Rf6 Ng8 51. Rg6 Ne7 52. Rh6 Ng8
53. Rh7 Ne7 54. Bf6 1-0

[Event "Monroe (RVO/1/9)"]
[Site "?"]
[Date "1986.??.??"]
[Round "?"]
[White "Kitts, Gary"]
[Black "Eagle, Chris"]
[Result "0-1"]
[WhiteElo "2145"]
[BlackElo "1925"]
[PlyCount "54"]
[EventDate "1986.??.??"]

{1/(9)} 1. e4 e5 2. Nf3 Nc6 3. d4 exd4 4. c3 d5 5. exd5 Qxd5 6. cxd4 Bg4 7. Be2
O-O-O 8. Nc3 Qh5 9. O-O Nf6 10. h3 Bf5 11. Ne5 Qh4 12. Nxc6 bxc6 13. Ba6+ Kd7
14. d5 cxd5 15. Nxd5 Bd6 16. Qf3 Be4 17. Nxf6+ gxf6 18. Qg4+ Qxg4 19. hxg4 h5
20. Re1 Bc6 21. Bd2 Rdg8 22. Be3 hxg4 23. Bxa7 Rh2 24. Rac1 Rxg2+ 25. Kf1 Rh2
26. Bc4 Bf3 27. Bb5+ Kd8 0-1

[Event "Warren (MCO/5/43)"]
[Site "?"]
[Date "1986.??.??"]
[Round "?"]
[White "Kezele, P.."]
[Black "White, B.."]
[Result "1-0"]
[WhiteElo "1605"]
[BlackElo "1605"]
[PlyCount "61"]
[EventDate "1986.??.??"]

{5/(43)} 1. d4 f5 2. c4 e6 3. Nf3 Nf6 4. Nc3 Be7 5. Bf4 O-O 6. e3 b6 7. Bd3 Bb7
8. O-O Nc6 9. d5 exd5 10. cxd5 Nb4 11. Bc4 d6 12. a3 Na6 13. b4 Ne4 14. Nb5 Kh8
15. Nfd4 Ng5 16. Bxg5 Bxg5 17. Ne6 Qf6 18. f4 Bh6 19. Nxf8 Rxf8 20. Qd4 Qe7 21.
Rf3 c5 22. dxc6 Bxc6 23. Rh3 Rf6 24. Nc3 Nc7 25. Re1 Ne6 26. Nd5 Bxd5 27. Qxd5
Qe8 28. Qb5 Qe7 29. g3 g6 30. Rxh6 Nd4 31. Qd5 1-0

[Event "Warren (MCO/1/40)"]
[Site "?"]
[Date "1986.??.??"]
[Round "?"]
[White "Kezele, P.."]
[Black "Golonka, Stan"]
[Result "0-1"]
[WhiteElo "1605"]
[BlackElo "1800"]
[PlyCount "51"]
[EventDate "1986.??.??"]

{1/(40)} 1. e4 c5 2. Nf3 Nc6 3. Bc4 e6 4. d3 d6 5. Nc3 Nf6 6. O-O Be7 7. Bf4
O-O 8. Re1 a6 9. e5 dxe5 10. Bxe5 b5 11. Bb3 Nxe5 12. Nxe5 Bb7 13. Ne4 Nxe4 14.
dxe4 c4 15. Nd7 Re8 16. c3 cxb3 17. axb3 Qc7 18. b4 Rad8 19. Re3 Rxd7 20. Qh5
g6 21. Qh6 Bf8 22. Qg5 Red8 23. f3 Rd1+ 24. Rxd1 Rxd1+ 25. Kf2 Qxh2 26. f4 0-1

[Event "Warren (MCO/3/38)"]
[Site "?"]
[Date "1986.??.??"]
[Round "?"]
[White "Kezele, P.."]
[Black "Almquist, W.."]
[Result "0-1"]
[WhiteElo "1605"]
[BlackElo "1775"]
[PlyCount "40"]
[EventDate "1986.??.??"]

{3/(38)} 1. d4 Nf6 2. c4 c5 3. Nf3 e6 4. Nc3 d5 5. Bg5 cxd4 6. Nxd4 Be7 7. Qc2
Nc6 8. Nxc6 bxc6 9. O-O-O Qa5 10. e3 O-O 11. cxd5 cxd5 12. Bd3 h6 13. Bf4 Bd7
14. h4 Rfc8 15. Be5 Ng4 16. f4 Nxe5 17. fxe5 Ba4 18. Qf2 Rxc3+ 19. bxc3 Qxc3+
20. Bc2 Ba3+ 0-1

[Event "Warren (MCO/5/50)"]
[Site "?"]
[Date "1986.??.??"]
[Round "?"]
[White "Kelly, M.."]
[Black "Varner, M.."]
[Result "0-1"]
[WhiteElo "1605"]
[BlackElo "1605"]
[PlyCount "58"]
[EventDate "1986.??.??"]

{5/(50)} 1. e4 e5 2. Nf3 Nc6 3. Bc4 h6 4. Nc3 Nf6 5. O-O Bc5 6. d3 d6 7. Be3
Bxe3 8. fxe3 a6 9. d4 exd4 10. exd4 Bd7 11. d5 Ne5 12. Nxe5 dxe5 13. d6 c6 14.
Kh1 O-O 15. a4 Ng4 16. Qe1 Be6 17. Bxe6 fxe6 18. Rxf8+ Qxf8 19. Qg3 Qf4 20.
Qxf4 exf4 21. Rf1 e5 22. g3 fxg3 23. hxg3 Rd8 24. b3 Rxd6 25. Rf3 Rd2 26. Kg1
Rxc2 27. Rd3 Rb2 28. Nd1 Rb1 29. Kh1 Nf2+ 0-1

[Event "Warren (MCO/3/51)"]
[Site "?"]
[Date "1986.??.??"]
[Round "?"]
[White "Kelly, M.."]
[Black "Ridella, Dennis"]
[Result "0-1"]
[WhiteElo "1605"]
[BlackElo "2725"]
[PlyCount "90"]
[EventDate "1986.??.??"]

{3/(51)} 1. e4 c5 2. Nf3 Nc6 3. d4 cxd4 4. Nxd4 Nf6 5. Nc3 e6 6. Bg5 Be7 7. Bc4
Nxe4 8. Bxe7 Qxe7 9. Nxc6 Nxc3 10. Nxe7 Nxd1 11. Rxd1 Kxe7 12. O-O d5 13. Bb3
h5 14. Rfe1 g5 15. Rxd5 g4 16. f3 gxf3 17. gxf3 b6 18. Ba4 h4 19. Rde5 h3 20.
Bb3 Rg8+ 21. Kh1 Bd7 22. Bd5 Rac8 23. Bb3 Kf6 24. R5e2 Rc5 25. Re4 Rf5 26. Rg4
Rxg4 27. fxg4 Bc6+ 28. Kg1 Rf4 29. Re3 Rxg4+ 30. Kf1 Bg2+ 31. Kf2 Rg5 32. c3 e5
33. Bc4 Ke7 34. Bf1 Rf5+ 35. Ke2 Bxf1+ 36. Ke1 Bg2 37. b3 f6 38. c4 Rf1+ 39.
Ke2 Rh1 40. a4 Rxh2 41. Rg3 Bd5+ 42. Ke3 Bf7 43. Kd3 Rh1 44. b4 h2 45. Rh3 Rd1+
0-1

[Event "Warren (MCO/6/55)"]
[Site "?"]
[Date "1986.??.??"]
[Round "?"]
[White "Kelly, M.."]
[Black "Dobson, R.."]
[Result "1-0"]
[WhiteElo "1605"]
[BlackElo "1605"]
[PlyCount "57"]
[EventDate "1986.??.??"]

{6/(55)} 1. e4 e6 2. d4 d5 3. exd5 exd5 4. Nf3 Nf6 5. Nc3 Nc6 6. Bb5 Bd7 7. O-O
a6 8. Bxc6 Bxc6 9. Re1+ Be7 10. Bg5 O-O 11. Ne5 Qd6 12. Nxc6 bxc6 13. Qd2 c5
14. Re2 cxd4 15. Qxd4 Rab8 16. b3 h6 17. Bxf6 Bxf6 18. Qd3 Rfe8 19. Rae1 Rxe2
20. Rxe2 d4 21. Ne4 Qe6 22. Nxf6+ Qxf6 23. b4 g6 24. a3 Qg5 25. h3 Qh5 26. Qf3
a5 27. Re7 f5 28. Qd5+ Kh8 29. Qf7 1-0

[Event "Warren (MCO/2/49)"]
[Site "?"]
[Date "1986.??.??"]
[Round "?"]
[White "Kelly, M.."]
[Black "Dmuchowski, Frank"]
[Result "0-1"]
[WhiteElo "1605"]
[BlackElo "1610"]
[PlyCount "57"]
[EventDate "1986.??.??"]

{2/(49)} 1. e4 c6 2. Nc3 d5 3. exd5 cxd5 4. d4 Bf5 5. Nf3 e6 6. Bd3 Bxd3 7.
Qxd3 Nf6 8. O-O Bd6 9. Re1 a6 10. Bg5 h6 11. Bxf6 gxf6 12. Nxd5 O-O 13. Nc3 Nc6
14. d5 Nb4 15. Qd2 Nxd5 16. Nxd5 exd5 17. c3 Kg7 18. Qxd5 Bxh2+ 19. Kxh2 Qxd5
20. Red1 Qc4 21. Kg1 Rfe8 22. Nd4 Rad8 23. Nb3 Qb5 24. Rd4 Rxd4 25. cxd4 Re2
26. Rb1 a5 27. Rd1 Rxb2 28. d5 Qe2 29. Rd4 0-1